000 00554nam a22001937a 4500
003 KOHA_MİRAKIL
005 20251125105602.0
008 251125b tu ||||| |||| 00| 0 tur d
020 _a9786254291579
040 _aTR-AnABB
_btur
_cTR-AnABB
041 _atur
082 _a813.41
_bTEK 2022
100 1 _aTek, Müfide Ferit,
245 1 0 _aAy demir /
_cMüfide Ferit Tek
260 _aİstanbul :
_bTürkiye İş Bankası Kültür Yayınları,
_c2022
300 _a124 sayfa ;
_c21 cm
650 0 4 _aTürk edebiyatı, roman
942 _2ddc
_cBK
999 _c9616
_d9616
900 _bGizem YORULMAZ